| 000 | 00890nam a22002177a 4500 | ||
|---|---|---|---|
| 999 |
_c1217 _d1217 |
||
| 003 | AR-CdUCM | ||
| 008 | 190226b ||||| |||| 00| 0 spa d | ||
| 040 |
_aMUNICIPALIDAD PROVINCIAL DEL CUSCO _cBIBLIOTECA MUNICIPAL DEL CUSCO |
||
| 082 |
_22da. ed. _a370.11 / _bC73 |
||
| 100 |
_aComas, Margarita _94747 |
||
| 245 |
_aEl Metodo de Proyectos en las Escuelas Urbanas / _cComas, Margarita |
||
| 260 |
_aArequipa - Buenos Aires: _bLosada S.A. , _c1949. |
||
| 300 |
_a183 paginas : _c19 cm. |
||
| 440 |
_aLa escuela activa _n14 _93341 |
||
| 505 | _aContenido: Proyecto complejo para alumnos de la primera sección -- Proyecto complejo para niños dela ultima sección -- Proyecto concentrado alrededor de la clase de labores... | ||
| 650 |
_aUrbanismo. _94748 |
||
| 650 |
_aEscuelas Urbanas. _94749 |
||
| 650 |
_aProyectos y Escuelas. _94750 |
||
| 942 |
_2ddc _cLIBROS |
||
| 945 |
_adavv _d09/04/2019 |
||